Wanita dan alam perjuangannya

Bibliographic Details
Main Author: Khalijah Mohd Salleh
Format: Book
Published: Kuala Lumpur : Institut Kajian Dasar Malaysia , 1994
Subjects:

MARC

LEADER 00000cam a2200000 7i4500
001 0000004064
002 000004374
005 20000330.0
020 |a 9838840157 
090 0 0 |a 297.1   |b KHA 
100 0 |a Khalijah Mohd Salleh 
245 1 0 |a Wanita dan alam perjuangannya   |c Khalijah Mohd Salleh 
260 |a Kuala Lumpur :   |b Institut Kajian Dasar Malaysia ,   |c 1994 
300 |a 112 p. ;   |c 21 cm. 
650 0 0 |a Women in Islam 
999 |a 037271   |b BUKU   |c PINJAMAN   |e PERPUSTAKAAN KOMUNITI PETALING JAYA